|
|
|
|
| LEADER |
00000naa0a2200000 4500 |
| 001 |
599138 |
| 005 |
20250417155946.0 |
| 035 |
|
|
|a (RuTPU)RU\TPU\tpu\22999
|
| 035 |
|
|
|a RU\TPU\tpu\22206
|
| 090 |
|
|
|a 599138
|
| 100 |
|
|
|a 20130402d2007 k||y0rusy50 ca
|
| 101 |
0 |
|
|a rus
|
| 102 |
|
|
|a RU
|
| 200 |
1 |
|
|a Методы совершенствования речевой культуры студентов современного технического вуза на примере преподавания иностранного языка
|f Л. Н. Антропянская
|
| 333 |
|
|
|a В фонде НТБ ТПУ отсутствует
|
| 461 |
|
|
|t Материалы XXXVI международной филологической конференции, Санкт-Петербург, 12-17 марта 2007 г.
|o сборник
|d 2007
|
| 463 |
|
|
|t Вып. 22 : Современные проблемы лингводидактики и изучения иностранных языков
|v С. 90-98
|d 2007
|
| 610 |
1 |
|
|a труды учёных ТПУ
|
| 700 |
|
1 |
|a Антропянская
|b Л. Н.
|c специалист в области социальной философии, лингвист
|c доцент Томского политехнического университета, кандидат психологических наук
|c в замужестве Фадеева
|f 1952-
|g Лилия Николаевна
|3 (RuTPU)RU\TPU\pers\28647
|
| 801 |
|
1 |
|a RU
|b 63413507
|c 20121210
|
| 801 |
|
2 |
|a RU
|b 63413507
|c 20130402
|g RCR
|
| 850 |
|
|
|a 63413507
|
| 942 |
|
|
|c BK
|